000 00488nam a2200169 4500
001 127064
003 ES-MaACL
005 20230906192933.0
007 t|
008 070214s1921 sp r ||||1| spa d
100 1 _aReyes, Alfonso,
_d1889-1959
_996554
245 1 3 _aEl cazador
_b: ensayos y divagaciones : (1911-1920) /
_cAlfonso Reyes.
260 _aMadrid :
_b[s.n.],
_c1921 (
_fArtes Gráficas)
300 _a184 p. ;
_c19 cm.
852 _aES-MaACL
_jF-7460
999 _c127064
_d127064